000 00729nam a2200181 i 4500
001 98375
003 ES-MaACL
007 t|
008 050728m19011913fr ||||1| fre d
100 1 _aMartín
_bIV
_cPapa.
_977531
245 1 4 _aLes registres de Martin IV
_b: recueil des bulles de ce Pape /
_cpubliées ou analysées d'après les manuscrits originaux du Vatican par les membres de l'Ecole Français de Rome.
260 _aParis :
_bLibrairie de Thorin et Fils,
_c1901-1913.
300 _a2 fac. en 1 v. ;
_c33 cm.
490 1 _aBibliothèque des Ecoles Françaises d'Athènes et de Rome
830 0 _aBibliothèque des Ecoles Françaises d'Athènes et de Rome
_9182019
852 _aES-MaACL
_jC-7454
999 _c98375
_d98375